000 00469nam a2200157 i 4500
001 85223
003 ES-MaACL
005 20230906175213.0
007 t|
008 041126s1959 sp ||||1| spa d
100 1 _aJiménez Asenjo, Luis S.
_966456
245 1 0 _aComentarios al procedimiento laboral español, Decreto de 4 de julio de 1958.
260 _aBarcelona :
_bAcervo,
_c[1959] (
_fDuplex)
300 _a2 v. ;
_c23 cm.
852 _aES-MaACL
_jC-16446-7
_bR.44494
999 _c85223
_d85223